[Event "HUN-chT U18"]
[Site "Hajduboszormeny"]
[Date "2016.11.04"]
[Round "4.55"]
[White "Ugyan, Daniel"]
[Black "Czina, Peter"]
[Result "1/2-1/2"]
[WhiteElo "1850"]
[BlackElo "2007"]
[PlyCount "46"]
[EventDate "2016.11.02"]
[EventType "team-swiss"]
[EventRounds "8"]
[EventCountry "HUN"]
[SourceTitle "CBM 175 Extra"]
[Source "ChessBase"]
[SourceDate "2016.12.12"]
[SourceVersion "1"]
[SourceVersionDate "2016.12.12"]
[SourceQuality "1"]

1. Nf3 Nf6 2. d4 g6 3. c4 c5 4. b3 cxd4 5. Nxd4 Nc6 6. Bb2 Bg7 7. e3 0-0 8. g3 d6 9. Bg2 Bd7 10. Nd2 a5 11. 0-0 a4 12. Ne4 Nxe4 13. Bxe4 Na5 14. Bc3 Qb6 15. Bc2 Qc7 16. Ne2 axb3 17. axb3 Nc6 18. Bxg7 Kxg7 19. Nd4 f6 20. Be4 Nxd4 21. Qxd4 Bc6 22. Bg2 Bxg2 23. Kxg2 Qc6+ 1/2-1/2

[Event "HUN-ch U16"]
[Site "Balatonlelle"]
[Date "2016.06.25"]
[Round "2"]
[White "Czina, Peter"]
[Black "Szabo, Marton Mihaly"]
[Result "1/2-1/2"]
[WhiteElo "1951"]
[BlackElo "2094"]
[PlyCount "70"]
[EventDate "2016.06.24"]
[EventType "swiss"]
[EventRounds "9"]
[EventCountry "HUN"]
[SourceTitle "CBM 173 Extra"]
[Source "ChessBase"]
[SourceDate "2016.08.29"]
[SourceVersion "1"]
[SourceVersionDate "2016.08.29"]
[SourceQuality "1"]

1. d4 Nf6 2. Nf3 e6 3. Bg5 Be7 4. e3 b6 5. Bd3 Bb7 6. Nbd2 0-0 7. c3 h6 8. Bh4 d6 9. 0-0 Nbd7 10. Qc2 c5 11. a4 a6 12. b4 cxb4 13. cxb4 Rc8 14. Qb2 Nd5 15. Bxe7 Qxe7 16. Rfc1 f5 17. Bc4 N5f6 18. Ba2 d5 19. b5 a5 20. Rxc8 Rxc8 21. Rc1 Qd8 22. Rc2 Rxc2 23. Qxc2 Qc8 24. Qxc8+ Bxc8 25. Bb1 Kf7 26. Nb3 Ke7 27. Nc1 Ne8 28. Nd3 Nd6 29. Nde5 Nxe5 30. Nxe5 Nf7 31. Nd3 Kd6 32. f4 Ke7 33. Kf2 Kf6 34. Bc2 Bd7 35. Bd1 g6 1/2-1/2

[Event "HUN-chT2 Barcza 1516"]
[Site "Hungary"]
[Date "2015.11.08"]
[Round "4.11"]
[White "Ats, Laszlo Gyorgy"]
[Black "Czina, Peter"]
[Result "1/2-1/2"]
[WhiteElo "2015"]
[BlackElo "1940"]
[PlyCount "88"]
[EventDate "2015.09.13"]
[EventType "team-tourn"]
[EventRounds "11"]
[EventCountry "HUN"]
[SourceTitle "CBM 170 Extra"]
[Source "ChessBase"]
[SourceDate "2016.02.25"]
[SourceVersion "1"]
[SourceVersionDate "2016.02.25"]
[SourceQuality "1"]
[WhiteTeam "Debrecen Sakkbaratok"]
[BlackTeam "Kwizda Sakkiskola"]
[WhiteTeamCountry "HUN"]
[BlackTeamCountry "HUN"]

1. d4 Nf6 2. Nf3 g6 3. Bg5 Bg7 4. e3 0-0 5. Bd3 c5 6. c3 d6 7. 0-0 Nc6 8. Nbd2 cxd4 9. exd4 Qc7 10. Re1 Re8 11. Bb5 Bd7 12. Nf1 a6 13. Ba4 b5 14. Bb3 e5 15. dxe5 dxe5 16. Ng3 Be6 17. Bxf6 Bxb3 18. Qxb3 Bxf6 19. Ne4 Bg7 20. a4 Rab8 21. axb5 axb5 22. h3 b4 23. Qc4 Rec8 24. Kh1 bxc3 25. bxc3 Ne7 26. Qa2 Nf5 27. Rec1 Qc4 28. Qxc4 Rxc4 29. Nfd2 Rc6 30. Ra7 Nd6 31. Nxd6 Rxd6 32. Ne4 Rc6 33. Rd1 f5 34. Rdd7 Bf8 35. Ng5 h6 36. Nf7 e4 37. Ne5 Re6 38. Nc4 Rc6 39. Ne3 Bd6 40. Rg7+ Kh8 41. g3 Rxc3 42. Rxg6 Bc5 43. Rxh6+ Kg8 44. Rg6+ Kh8 1/2-1/2

[Event "HUN-chT2 Barcza 1516"]
[Site "Hungary"]
[Date "2015.10.18"]
[Round "3.11"]
[White "Czina, Peter"]
[Black "Elek, Monika"]
[Result "1-0"]
[WhiteElo "1890"]
[BlackElo "1859"]
[PlyCount "55"]
[EventDate "2015.09.13"]
[EventType "team-tourn"]
[EventRounds "11"]
[EventCountry "HUN"]
[SourceTitle "CBM 170 Extra"]
[Source "ChessBase"]
[SourceDate "2016.02.25"]
[SourceVersion "1"]
[SourceVersionDate "2016.02.25"]
[SourceQuality "1"]
[WhiteTeam "Kwizda Sakkiskola"]
[BlackTeam "Kazincbarcika"]
[WhiteTeamCountry "HUN"]
[BlackTeamCountry "HUN"]

1. Nf3 d5 2. g3 c6 3. Bg2 Nf6 4. 0-0 e6 5. d3 h6 6. c4 Be7 7. Nc3 0-0 8. cxd5 exd5 9. e4 Be6 10. h3 Nbd7 11. Be3 Nb6 12. Nd4 Qd7 13. e5 Nh7 14. Nxe6 fxe6 15. Qg4 Kh8 16. Ne2 Rfe8 17. h4 Bf8 18. Nf4 Kg8 19. Bh3 d4 20. Bd2 c5 21. Qg6 Qf7 22. Bxe6 Rxe6 23. Qxe6 Qxe6 24. Nxe6 Re8 25. Nxf8 Nxf8 26. f4 Nc8 27. Rac1 b6 28. b4 1-0

[Event "HUN-chT2 Barcza 1314"]
[Site "Hungary"]
[Date "2014.04.13"]
[Round "10"]
[White "Ujhelyi, Andras"]
[Black "Czina, Peter"]
[Result "1-0"]
[WhiteElo "2045"]
[BlackElo "1822"]
[PlyCount "81"]
[EventDate "2013.09.08"]
[EventType "team-tourn"]
[EventRounds "11"]
[EventCountry "HUN"]
[SourceTitle "EXT 2016"]
[Source "ChessBase"]
[SourceDate "2015.10.08"]
[SourceVersion "1"]
[SourceVersionDate "2015.10.08"]
[SourceQuality "1"]
[WhiteTeam "Nyiregyhaza"]
[BlackTeam "Nadudvar"]
[WhiteTeamCountry "HUN"]
[BlackTeamCountry "HUN"]

1. c4 Nf6 2. Nc3 g6 3. Nf3 c5 4. g3 Bg7 5. Bg2 0-0 6. 0-0 Nc6 7. d4 cxd4 8. Nxd4 Nxd4 9. Qxd4 d6 10. Qd3 Rb8 11. Be3 Qa5 12. Bd4 Bd7 13. Rab1 e5 14. b4 Qa6 15. b5 Qa5 16. Be3 Bf5 17. Ne4 Nxe4 18. Bxe4 Bxe4 19. Qxe4 Qxa2 20. Ra1 Qxe2 21. Rxa7 b6 22. Qd5 Rbc8 23. Rc1 Qg4 24. Bxb6 Qe6 25. Qxe6 fxe6 26. Bc7 Bf6 27. Bxd6 Rfe8 28. b6 Rcd8 29. c5 e4 30. Bf4 e5 31. Be3 h6 32. c6 Bg5 33. c7 Bxe3 34. fxe3 Rc8 35. b7 h5 36. bxc8Q Rxc8 37. Rb7 h4 38. Rb8 Kg7 39. Rxc8 hxg3 40. Rb8 gxh2+ 41. Kxh2 1-0

[Event "Wch U12"]
[Site "Al Ain"]
[Date "2013.12.24"]
[Round "8"]
[White "Czina, Peter"]
[Black "Ahadzada, Kanan Rasim"]
[Result "0-1"]
[WhiteElo "1824"]
[BlackElo "1708"]
[PlyCount "116"]
[EventDate "2013.12.18"]
[EventType "swiss"]
[EventRounds "11"]
[EventCountry "UAE"]
[SourceTitle "CBM 158 Extra"]
[Source "ChessBase"]
[SourceDate "2014.02.28"]
[SourceVersion "1"]
[SourceVersionDate "2014.02.28"]
[SourceQuality "1"]

1. Nf3 d5 2. g3 Nd7 3. Bg2 e5 4. d3 c6 5. 0-0 Bd6 6. b3 Ne7 7. Bb2 Qc7 8. Nbd2 0-0 9. c4 d4 10. e3 c5 11. exd4 cxd4 12. a3 a5 13. Re1 f5 14. Rb1 Nc6 15. Ng5 Nf6 16. Qc2 h6 17. Ngf3 b6 18. h4 Bb7 19. Nf1 Rae8 20. Rbd1 Bc5 21. N3d2 Qd6 22. Qc1 Nh7 23. h5 Nf6 24. Bf3 Nd8 25. Bxb7 Nxb7 26. Nf3 Nxh5 27. Re2 Nd8 28. Rde1 Nc6 29. N1h2 Nf6 30. Nh4 Nd7 31. g4 fxg4 32. Nxg4 g5 33. Ng2 Qg6 34. Nh2 h5 35. f3 Bd6 36. Nh4 Qg7 37. Rg2 Be7 38. Kh1 Rf4 39. Reg1 Kh8 40. Qe1 Qh7 41. Bc1 Rxh4 42. Bxg5 Bxg5 43. Rxg5 Rf4 44. Qg3 Rf7 45. Qh3 Nf6 46. Rf5 Rg8 47. Rxg8+ Qxg8 48. Qh4 Qg6 49. Rg5 Qxd3 50. Qh3 Rf8 51. Qe6 Nh7 52. Rg1 Rf6 53. Qe8+ Nf8 54. Qxh5+ Qh7 55. Qg5 Rg6 56. Qc1 Rxg1+ 57. Qxg1 d3 58. Qd1 Nd4 0-1

[Event "Wch U12"]
[Site "Al Ain"]
[Date "2013.12.22"]
[Round "6"]
[White "Czina, Peter"]
[Black "Petersson, Baldur Teodor"]
[Result "1/2-1/2"]
[WhiteElo "1824"]
[BlackElo "1620"]
[PlyCount "102"]
[EventDate "2013.12.18"]
[EventType "swiss"]
[EventRounds "11"]
[EventCountry "UAE"]
[SourceTitle "CBM 158 Extra"]
[Source "ChessBase"]
[SourceDate "2014.02.28"]
[SourceVersion "1"]
[SourceVersionDate "2014.02.28"]
[SourceQuality "1"]

1. Nf3 Nf6 2. g3 d5 3. Bg2 c5 4. 0-0 Nc6 5. d3 e6 6. c4 Be7 7. Nc3 0-0 8. Bd2 b6 9. Rb1 Bb7 10. a3 d4 11. Na4 a5 12. Qb3 Nd7 13. Bf4 f6 14. Bd2 Qc7 15. e3 e5 16. exd4 exd4 17. Bf4 Nce5 18. Bxe5 fxe5 19. Nd2 Bxg2 20. Kxg2 Rab8 21. Qc2 Nf6 22. f3 Qc6 23. Ne4 Nxe4 24. fxe4 Rxf1 25. Rxf1 Rf8 26. Rxf8+ Kxf8 27. b3 Qf6 28. Nb2 g5 29. h3 h5 30. Nd1 Kg7 31. Qd2 Kh7 32. Nf2 Kg7 33. Qe2 Kh6 34. Qf1 Kg7 35. Qe1 Kh7 36. Qa1 Kg7 37. Qd1 Kh6 38. Qe2 Kg6 39. Nd1 Kh6 40. Nb2 Kg6 41. Na4 Kh6 42. g4 h4 43. Qf3 Qxf3+ 44. Kxf3 Bd8 45. Ke2 Kg6 46. Kd2 Kf6 47. b4 cxb4 48. axb4 axb4 49. Kc2 Ke6 50. Kb3 Kd6 51. Kxb4 Kc6 1/2-1/2

[Event "Wch U12"]
[Site "Al Ain"]
[Date "2013.12.19"]
[Round "2"]
[White "Czina, Peter"]
[Black "Yi, Sejin"]
[Result "1-0"]
[WhiteElo "1824"]
[BlackElo "1440"]
[PlyCount "33"]
[EventDate "2013.12.18"]
[EventType "swiss"]
[EventRounds "11"]
[EventCountry "UAE"]
[SourceTitle "CBM 158 Extra"]
[Source "ChessBase"]
[SourceDate "2014.02.28"]
[SourceVersion "1"]
[SourceVersionDate "2014.02.28"]
[SourceQuality "1"]

1. Nf3 c5 2. g3 g6 3. Bg2 Bg7 4. 0-0 Nf6 5. d3 0-0 6. c4 Nc6 7. Nc3 e6 8. Bf4 Ne7 9. Bd6 Re8 10. Nb5 Qb6 11. Bc7 Qa6 12. Bf4 Nfd5 13. Nd6 Bxb2 14. cxd5 Nxd5 15. Nxe8 Bxa1 16. Qxa1 Kf8 17. Bd6+ 1-0

[Event "HUN-chT2 Barcza 1314"]
[Site "Hungary"]
[Date "2013.09.08"]
[Round "1"]
[White "Czina, Peter"]
[Black "Darai, Tihamer"]
[Result "1-0"]
[WhiteElo "1822"]
[BlackElo "1874"]
[PlyCount "41"]
[EventDate "2013.09.08"]
[EventType "team-tourn"]
[EventRounds "11"]
[EventCountry "HUN"]
[SourceTitle "EXT 2016"]
[Source "ChessBase"]
[SourceDate "2015.10.08"]
[SourceVersion "1"]
[SourceVersionDate "2015.10.08"]
[SourceQuality "1"]
[WhiteTeam "Nadudvar"]
[BlackTeam "Nyiregyhaza SISE"]
[WhiteTeamCountry "HUN"]
[BlackTeamCountry "HUN"]

1. Nf3 c5 2. g3 d6 3. Bg2 Nc6 4. 0-0 g6 5. d3 Bg7 6. c4 e5 7. Nc3 Nge7 8. Rb1 Be6 9. a3 0-0 10. Bd2 Qc7 11. b4 b6 12. Ng5 Rac8 13. Nxe6 fxe6 14. bxc5 bxc5 15. Nb5 Qd7 16. Qa4 Nd4 17. Rfe1 Nxb5 18. Qxb5 Qc7 19. Ba5 a6 20. Qa4 Qa7 21. Rb7 1-0

[Event "HUN-ch U12"]
[Site "Balatonlelle"]
[Date "2013.06.28"]
[Round "8"]
[White "Havasi, Gergo"]
[Black "Czina, Peter"]
[Result "1-0"]
[WhiteElo "2097"]
[BlackElo "1767"]
[PlyCount "73"]
[EventDate "2013.??.??"]
[EventType "tourn"]
[EventRounds "9"]
[EventCountry "HUN"]
[SourceTitle "EXT 2014"]
[Source "ChessBase"]
[SourceDate "2013.11.20"]
[SourceVersion "1"]
[SourceVersionDate "2013.11.20"]
[SourceQuality "1"]

1. e4 c5 2. Nf3 Nc6 3. d4 cxd4 4. Nxd4 g6 5. c4 Nf6 6. Nc3 Nxd4 7. Qxd4 d6 8. Be2 Bg7 9. Be3 0-0 10. Qd2 a5 11. 0-0 a4 12. Rfc1 Be6 13. Rab1 Qa5 14. b4 axb3 15. axb3 Qb4 16. Qc2 Rfc8 17. f4 Bd7 18. Bd2 Qb6+ 19. Kh1 Bc6 20. Rf1 Qd4 21. Bf3 b5 22. e5 dxe5 23. Nxb5 Qc5 24. fxe5 Qxe5 25. Rbe1 Qc5 26. b4 Qb6 27. Be3 Qb7 28. Bc5 Bxf3 29. Rxf3 Re8 30. Qe2 Qd7 31. Rd3 Qf5 32. Nc7 Red8 33. Rf3 Qe4 34. Qf1 Qc2 35. Nxa8 Rxa8 36. Bxe7 Ne4 37. Rc1 1-0

[Event "HUN-chT2 Barcza 1213"]
[Site "Hungary"]
[Date "2013.02.17"]
[Round "7.9"]
[White "Czina, Peter"]
[Black "Kovacs, Laszlo2222"]
[Result "1/2-1/2"]
[WhiteElo "1735"]
[BlackElo "2078"]
[PlyCount "26"]
[EventDate "2012.09.16"]
[EventType "team-tourn"]
[EventRounds "11"]
[EventCountry "HUN"]
[SourceTitle "EXT 2014"]
[Source "ChessBase"]
[SourceDate "2013.11.20"]
[SourceVersion "1"]
[SourceVersionDate "2013.11.20"]
[SourceQuality "1"]
[WhiteTeam "Nadudvar"]
[BlackTeam "Debrecen Sakkiskola"]
[WhiteTeamCountry "HUN"]
[BlackTeamCountry "HUN"]

1. Nf3 Nf6 2. g3 g6 3. Bg2 Bg7 4. 0-0 0-0 5. d3 d5 6. Nbd2 c5 7. c4 Nc6 8. a3 e6 9. Rb1 a5 10. Qc2 b6 11. b3 Bb7 12. e4 Rc8 13. exd5 exd5 1/2-1/2

[Event "EU-ch U12"]
[Site "Prague"]
[Date "2012.08.20"]
[Round "4"]
[White "Czina, Peter"]
[Black "Kevlishvili, Robby"]
[Result "0-1"]
[WhiteElo "1727"]
[BlackElo "1898"]
[PlyCount "47"]
[EventDate "2012.08.17"]
[EventType "swiss"]
[EventRounds "9"]
[EventCountry "CZE"]
[SourceTitle "CBM 150 Extra"]
[Source "ChessBase"]
[SourceDate "2012.10.19"]
[SourceVersion "1"]
[SourceVersionDate "2012.10.19"]
[SourceQuality "1"]

1. d4 Nf6 2. Nf3 g6 3. Bf4 Bg7 4. e3 0-0 5. h3 d6 6. Be2 Nbd7 7. 0-0 b6 8. c3 Bb7 9. Nbd2 Re8 10. a4 a5 11. b4 Nd5 12. Qb3 Nxf4 13. exf4 axb4 14. Qxb4 Nf6 15. g3 Qd7 16. Kh2 Bc8 17. Ng1 e5 18. Bf3 e4 19. Bg2 Rb8 20. Nc4 Nd5 21. Qb3 Ba6 22. Rfc1 e3 23. fxe3 Nxe3 24. Re1 0-1